000 00933nam a2200289 a 4500
001 000109880
003 CHAP
005 20220329144107.0
008 140605s2013 mx |rm |0|||||spa d
010 _a106342
011 _a107314
040 _cCHAP
090 _aTesis
100 1 _aGarcía Obispo, Itzel Griselda
_9127224
245 1 0 _aMutagénesis radioinducida en piñon Mexicano (jatropha curcas Linn.) no toxico /
_cpor Itzel Griselda García Obispo.
260 _aCocula, Gro :
_bEl autor,
_c2013.
300 _aviii, 105 h.
502 _aTesis (Ing. Agr. Esp. en Fitotecnista) -- CSAEGRO
590 _aE5765TAJ
_b05
_c20140605
_lUCH01
_h0842
650 1 4 _aJatropha curcas
_xMejoramiento.
_9127070
650 1 4 _aJatropha curcas
_xRendimiento.
_9126168
650 1 4 _aRadiación
_xEfecto en semillas.
_993675
650 1 4 _aRayos gamma
_xEfectos fisiológicos.
_994860
901 _aBK
942 _cTESIS
942 _n0
999 _c106342
_d106342